Un mundo cercano: el impacto político y económico de las nuevas tecnologías
Αποθηκεύτηκε σε:
| Κύριος συγγραφέας: | |
|---|---|
| Μορφή: | Βιβλίο |
| Γλώσσα: | Ισπανικά |
| Έκδοση: |
Santiago
Univ. de Chile, Instituto de Ciencia Política
1984
|
| Θέματα: | |
| Ετικέτες: |
Προσθήκη ετικέτας
Δεν υπάρχουν, Καταχωρήστε ετικέτα πρώτοι!
|
MARC
| LEADER | 00000nam a2200000 a 4500 | ||
|---|---|---|---|
| 001 | UCV2081 | ||
| 003 | CL-VaPUC | ||
| 008 | 911010e19840000CL |||||||||||||||||spa|d | ||
| 082 | 0 | 4 | |a 301.153 |b ISR |2 21 |
| 100 | |a Israel Zipper, Ricardo |e author |9 605304 | ||
| 245 | 1 | 3 | |a Un mundo cercano: el impacto político y económico de las nuevas tecnologías |
| 300 | |a 189 p | ||
| 942 | |c BK | ||
| 945 | |d 19911010 00:00:00 | ||
| 260 | |a Santiago |b Univ. de Chile, Instituto de Ciencia Política |c 1984 | ||
| 650 | 0 | |a Tecnología |9 256742 | |
| 650 | 0 | |a Aspectos sociales |9 254894 | |
| 583 | |a last modification |c 19911010 00:00:00 |k Rodrigo Vera | ||
| 999 | |c 209767 |d 209765 | ||
| 952 | |0 0 |1 0 |4 0 |6 301_153000000000000_ISR_1984 |7 0 |8 A |9 185505 |a BIBDER |b BIBDER |d 2019-11-14 |i 2529890 |o 301.153 ISR 1984 |p 2529890 |r 2023-01-25 |w 2019-11-14 |y BK |k DER | ||